000 00305nam a22001217a 4500
040 _cHS
082 _a382 CAR 1996 C089
100 _aCAROL CONWAY
245 _aThe international state : Crafting a statewide trade development system
260 _aNA
_bCAROL CONWAY
_c1996
300 _a156p;
942 _cEK
999 _c11125
_d11125